| 000 | 00704nam a2200193 a 4500 | ||
|---|---|---|---|
| 001 | 000298887 | ||
| 003 | AM-YeHGA | ||
| 005 | 20250618071929.0 | ||
| 008 | 040113s1933 ai 000 | arm d | ||
| 040 | _aAM-YeHGA | ||
| 041 | 0 | _aarm | |
| 100 | 1 |
_aՍունդուկյան, Գաբրիել Մկրտումի, _d1825-1912 _91589 |
|
| 245 | 1 | 0 |
_aՊեպո : _bԿատակերգություն յերեք արարվածով / _cԳ. Սունդուկյան. |
| 260 |
_aՅերևան : _bՊետհրատ, _c1933. |
||
| 300 |
_a148 էջ ; _c15 սմ. |
||
| 440 | 0 |
_aՊետհրատի էժանագին գրադարան _vN 4-6 |
|
| 650 | 1 | 4 |
_aՀայ գրականություն _xԹատերգություն |
| 090 | _c111228 | ||
| 999 |
_c109895 _d109895 |
||